Pleasure in English / (Record no. 8795)
[ view plain ]
| 000 -LEADER | |
|---|---|
| fixed length control field | 00647nam a22002413 4500 |
| 001 - CONTROL NUMBER | |
| JCCL Control Number | 8795 |
| 003 - CONTROL NUMBER IDENTIFIER | |
| JCCL marc code | BD-JhCC |
| 005 - DATE AND TIME OF LATEST TRANSACTION | |
| control field | 20180304093749.0 |
| 008 - FIXED-LENGTH DATA ELEMENTS--GENERAL INFORMATION | |
| fixed length control field | 970522m19619999enk 000 0 eng d |
| 035 ## - SYSTEM CONTROL NUMBER | |
| system control number | (BD-JhCC)8795 |
| 040 ## - CATALOGING SOURCE | |
| Original cataloging agency | EQO |
| Transcribing agency | EQO |
| Modifying agency | BD-JhCC |
| 041 ## - LANGUAGE CODE | |
| Language code of Book | eng |
| 082 ## - DEWEY DECIMAL CLASSIFICATION NUMBER | |
| Classification number | 425 |
| Author mark and Year | YGL 1961 |
| 100 1# - MAIN ENTRY--PERSONAL NAME | |
| Personal name | Yglesias, J. R. C. |
| Fuller form of name | (John Roy Charles), |
| Dates associated with a name | 1914- |
| 245 10 - TITLE STATEMENT | |
| Title | Pleasure in English / |
| Statement of responsibility, etc | [by] J.R.C. Yglesias and G.F. Hughes [and others]. |
| 260 ## - PUBLICATION, DISTRIBUTION, ETC. (IMPRINT) | |
| Place of publication, distribution, etc | London [&c.], |
| Date of publication, distribution, etc | 1961- |
| 300 ## - PHYSICAL DESCRIPTION | |
| Pagination | 168 p. : |
| Dimensions | 18 cm. |
| 500 ## - GENERAL NOTE | |
| General note | [Var. ed.] |
| 650 ## - SUBJECT ADDED ENTRY--TOPICAL TERM | |
| Topical term or geographic name as entry element | English Language |
| 700 1# - ADDED ENTRY--PERSONAL NAME | |
| Personal name | Hughes, G. F. |
| 942 ## - ADDED ENTRY ELEMENTS (KOHA) | |
| Source of classification or shelving scheme | Dewey Decimal Classification |
| Koha item type | Books |
| Source of classification or shelving scheme | Damaged status | Not for loan | Home library | Current library | Shelving location | Date of accession | Total Checkouts | Full call number | Barcode | Date last seen | Copy number | Koha item type |
|---|---|---|---|---|---|---|---|---|---|---|---|---|
| Dewey Decimal Classification | JCC Rouf Library | JCC Rouf Library | General Stacks | 03/04/2018 | 425 YGL 1961 | 11558 | 03/04/2018 | C - 1 | Books |